Studien zur römischen Stadtentwicklung in Italien und Thrakien Sonderband des Jahrbuchs für Wirtschaftsgeschichte
Saved in:
| Format: | Book |
|---|---|
| Language: | German |
| Published: |
Berlin
Akademie
1983
|
| Tags: |
No Tags, Be the first to tag this record!
|
MARC
| LEADER | 00000nam a2200000 4500 | ||
|---|---|---|---|
| 001 | c112682 | ||
| 005 | 20250820092211.6 | ||
| 041 | 0 | |a ger | |
| 044 | |a DE | ||
| 245 | 1 | 0 | |a Studien zur römischen Stadtentwicklung in Italien und Thrakien |b Sonderband des Jahrbuchs für Wirtschaftsgeschichte |
| 264 | 1 | |a Berlin |b Akademie |c 1983 | |
| 300 | |a 246 s. | ||